000 00309nam a22001217a 4500
008 160523b xxu||||| |||| 00| 0 eng d
020 _a9780312677299
020 _a0312677294
041 _aeng
080 _a003.2
245 _aThe compact bedford introduction to literature:
_cMichael Meyer;
942 _2udc
_cBK
999 _c2391
_d2391